header

Seventeenth-century English romance (Record no. 221251)

MARC details
000 -LEADER
fixed length control field 01455nam a2200349Ia 4500
100 1# - MAIN ENTRY--AUTHOR NAME
Personal name Sandy, Amelia Zurcher,
245 10 - TITLE STATEMENT
Title Seventeenth-century English romance
260 ## - PUBLICATION, DISTRIBUTION, ETC. (IMPRINT)
Place of publication Basingstoke ;
-- New York :
Name of publisher Palgrave Macmillan,
Year of publication c2007.
300 ## - PHYSICAL DESCRIPTION
Number of Pages viii, 226 p.
650 #0 - SUBJECT ADDED ENTRY--TOPICAL TERM
Topical Term Love stories, English
Topical Term English fiction
Topical Term Politics and literature
Topical Term Love
Topical Term Ethics in literature.
Topical Term Love in literature.
Topical Term Self-interest.
856 40 - ELECTRONIC LOCATION AND ACCESS
Uniform Resource Identifier http://site.ebrary.com/lib/rucke/Doc?id=10194087

No items available.

© 2026 Rongo University
Contact us: librarian | system librarian | Rongo university